000 00736cam a22002292 4500
001 0000006034
005 20151217155213.0
008 070912s xx 000 0 eng d
020 _a0070634149 :
_cKES 2,980
040 _aKABU
_cKABU
100 1 _aForouzan, Behrouz A.
_@0000148478
245 1 0 _aData communications and networking /
_cBehrouz A. Forouzan, Sophia Chung Fegan.
250 _a4th ed.
260 _aNew Delhi :
_bTata McGraw-Hill,
_c2006.
300 _axxxiv, 1134 p.
650 0 _aData transmission systems.
_@0000156307
650 0 _aComputer networks.
_@0000148214
700 1 _aFegan, Sophia Chung.
_@0000148218
908 _a070912
950 _@1
999 _c11967
_d11967